000 nam a22 7a 4500
999 _c44832
_d44832
005 20180604144104.0
008 180604b xxu||||| |||| 00| 0 eng d
040 _aANE
041 _aEs
082 _aTV-6325
100 _aLitardo, César
_eAsambleísta de Alianza País
245 _aCésar Litardo: Proyecto económico urgente busca la reactivación económica
260 _aQuito
_bEcuavisa-Entrevista
_c2018-06-04
300 _ap.
520 _aCésar Litardo, asambleísta de Alianza País, al comentar el proyecto de Ley Orgánica de Fomento Productivo, Atracción de Inversiones, Generación de Empleo y Estabilidad y Equilibrio Fiscal, dijo que es el resultado del gran diálogo nacional, en donde los diferentes sectores productivos han hechos sus observaciones y sugerencias. Para el legislador el principal objetivo del proyecto de ley enviado por el Ejecutivo a la Asamblea Nacional es buscar la reactivación económica, pasando por la estabilización, es decir se busca una reducción del tamaño del Estado, disminución de los gastos corrientes, esto aunado al aporte del sector productivo, ambos sectores compensen el desarrollo del Ecuador.
650 _aCambio Desarrollo, César Litardo, asambleísta Alianza País / Ecuavisa-Entrevista / Economía Ecuador / Ley Orgánica Fomento Productivo / gran diálogo nacional / sectores productivos / observaciones y sugerencias / reactivación económica / estabilización / reducción tamaño Estado, disminución gastos corrientes /
942 _2ddc
_cVM
_zIES.